00678cam a2200217 a 4500008004100000020002200041245009400063260003800157300002300195440003400218500002000252504004100272650003300313650002200346650002300368700002200391700002000413003000100433005001700434040000900451  a012182053X (hbk.)00aGuide to molecular cloning techniques /c[edited by] Shelby L. Berger and Alan R. Kimmel. aOrlando :bAcademic Press,c1987. axl, 812 p. :bill. 0aMethods in enzymology ;v 152 aIncludes index. aIncludes bibliographical references. 2aCloning, Molecularxmethods. 2aDNA, Recombinant. 0aMolecular cloning.1 aBerger, Shelby L.1 aKimmel, Alan R.20230123133223.0 cNUST